| 000 | 00638nam a2200229Ia 4500 | ||
|---|---|---|---|
| 003 | OSt | ||
| 005 | 20230417164125.0 | ||
| 008 | 210423s2011 xx 000 0 und d | ||
| 020 | _a9781857885705 | ||
| 040 | _cAL | ||
| 041 | _aeng | ||
| 082 |
_a070.1 _223 _b PARR |
||
| 100 |
_aPARRY (Roger) _989560 |
||
| 245 | _aAscent of media: from gilgamesh to google via gutenberg | ||
| 260 |
_aLondon _bNicholas Brealey Publishing _c2011 |
||
| 300 |
_aix,406 _bPB |
||
| 365 |
_b1195 _cINR |
||
| 650 |
_aGeneral _989561 |
||
| 650 |
_aMass Media _989562 |
||
| 906 | _aAscent ; gilgamesh ; google ; gutenberg. ; media: ; via | ||
| 942 |
_2ddc _cBK |
||
| 999 |
_c160590 _d160590 |
||